| 000 | 00409nam a2200145 a 4500 | ||
|---|---|---|---|
| 001 | 2715 | ||
| 003 | CDMR | ||
| 005 | 20130116135235.0 | ||
| 008 | 130130s1915||||||||||||||||||||||||||||d | ||
| 040 |
_aCDMR _bcat _cCPC GIRONA |
||
| 100 | 1 |
_aCorona, Francisco _92039 |
|
| 245 | 1 | 0 |
_aManual de conversación con pronunciación _bEspañol-Italiano _cCorona, F. , Vitali, G. |
| 260 |
_c1915 _bGarnier Frères |
||
| 942 | _cMON | ||
| 999 |
_c2715 _d2715 |
||